000 00523cam a2200193ua 4500
020 _a81 203 1050 0
041 _aeng
_h
082 _a005.1
_bWIR/DE
100 _aWirfsBrock, Rebeca .
245 _aDesigning object-oriented software /
_cRebeca Wirfs Brock.
_hTextual Documents
250 _a1 /
_b.
260 _aNew Delhi :
_bPrentice Hall of India Pvt Ltd. ,
_c1997.
300 _a341 ; .
504 _a
700 1 _aWiener, Lauren .
700 1 _aWilkerson, Brian .
942 _cBK
999 _c2326
_d2326